| 000 | 00996cab a2200253 4500 | ||
|---|---|---|---|
| 001 | WB3243-13 | ||
| 008 | 090401t1996 xxu||||| |||| 00| 0 eng d | ||
| 035 | _a(Sirsi) u50196 | ||
| 041 | _aeng | ||
| 245 | _aCompensation | ||
| 260 | _c1996 | ||
| 350 | _a0 | ||
| 490 |
_aEstates Gazette Case Summaries _v1996 EGCS 166 (9/11/96) |
||
| 520 | _a"R v Parliamentary Commissioner for Administration ex parte Balchin" QBD 25 October 1996. Quashed the Commissioner`s adverse decision over the applicant`s complaint of maladministration on the part of the SoS in confirming road orders in respect of the bypass without seeking assurance that adequate compensation would be granted. | ||
| 650 | _aBLIGHT | ||
| 650 | _aBYPASS | ||
| 650 | _aCOMPENSATION | ||
| 650 | _aJUDICIAL REVIEW | ||
| 650 | _aMALADMINISTRATION | ||
| 650 | _aROAD SCHEMES | ||
| 690 | _aENVIRONMENTAL AND LAND CONSULTANCY-PLANNING AND DEVELOPMENT-COMPULSORY PURCHASE AND COMPENSATION | ||
| 942 | _n0 | ||
| 948 | _c04/03/1997 | ||
| 999 |
_c31339 _d31339 |
||